| 000 | 00519cam a22001457a 4500 | ||
|---|---|---|---|
| 008 | 180718b2001 xxu||||| |||| 00| 0 eng d | ||
| 020 | _a0821349074 | ||
| 082 | _aP04x67 C36 | ||
| 245 | _aA chance to learn: knowledge and finance for education in Sub-Saharan Africa | ||
| 260 |
_aWashington, D.C. _bWorld Bank _c2001 |
||
| 300 | _a86p. | ||
| 440 | _aAfrica region human development series | ||
| 650 | _aEducation and state - Sub-Saharan Africa | ||
| 650 | _aEducation - Finance - Law and legislation - Sub-Saharan Africa | ||
| 999 |
_c284883 _d284883 |
||